000 00756cam a22002413a 4500
001 26442
003 PGUSA
005 20140828083553.0
008 080827s2008||||xxu|||||s|||||000 1 eng d
040 _aPGUSA
_beng
042 _adc
050 4 _aPZ
100 1 _aButterworth, Hezekiah,
_d1839-1905
245 1 0 _aTrue to His Home :
_bA Tale of the Boyhood of Franklin
_h[electronic resource] /
_cHezekiah Butterworth
260 _bProject Gutenberg,
_c2008
506 _aPublic domain in the USA.
516 _aElectronic text
653 _aFranklin, Benjamin, 1706-1790 -- Fiction
700 1 _aPierce, H. Winthrop
_q(Herman Winthrop),
_d1850-
830 0 _aProject Gutenberg
_v26442
856 4 0 _uhttp://www.gutenberg.org/ebooks/26442
942 _cEB
999 _c255697
_d255697